| 000 | 00496nam a22001697a 4500 | ||
|---|---|---|---|
| 999 |
_c9306 _d9306 |
||
| 008 | 210403b ||||| |||| 00| 0 eng d | ||
| 040 | _aBMS College of Architecture | ||
| 100 | _aY, Rekha | ||
| 245 | _aSchool of Planning and Architecture | ||
| 300 | _aNA | ||
| 500 | _a1BM99AT023 | ||
| 502 |
_8B.Arch _NBMS College of Architecture, Visvesvaraya Technological University _aProject report _d2004 |
||
| 650 | _aSchool | ||
| 650 | _aPlanning | ||
| 700 |
_aSridhar Rajan _eGuide |
||
| 942 |
_2ddc _cTHE |
||